000 004370000a22001690004500
003 MACL
005 20160108142957.0
008 160108b xxu||||| |||| 00| 0 eng d
040 _aMACL
_cMACL
041 _aEnglish
082 _a920/PAR
100 _aParikh, Narhari D
_929817
245 _aSardar Vallabhbhai Patel
260 _bNavajivan Publishing House
_c1953
_aAhmedabad
650 _aBiography
_929818
942 _cBK
_k920/Par
_2ddc
999 _c35460
_d35460